| 000 | 00425 a2200169 4500 | ||
|---|---|---|---|
| 005 | 20250614065350.0 | ||
| 020 | _a978-0-07-312368 | ||
| 082 | _a658.40 HAA | ||
| 100 | _aHAAG, S | ||
| 245 | _aBusiness Driven Technology | ||
| 250 | _a2nd Ed. | ||
| 260 |
_aBoston _bMcGraw-Hill Irwin _c2008. |
||
| 300 |
_a610p.:ill.;diagrams _bGlossary and Index _c28cm |
||
| 700 | _aPaige Baltaz | ||
| 700 | _aAmy Philips | ||
| 942 |
_2ddc _cBKS |
||
| 999 |
_c4023 _d4023 |
||